Vista normal
Vista MARC
Entrada Materia (geográfica)
Número de registros utilizados en: 7
001 - CONTROL NUMBER
- control field: 99886
003 - CONTROL NUMBER IDENTIFIER
- control field: Co-BoUCM
005 - DATE AND TIME OF LATEST TRANSACTION
- control field: 20200226143505.0
008 - FIXED-LENGTH DATA ELEMENTS
- fixed length control field: 200226|| aca||aabn | a|a d
040 ## - CATALOGING SOURCE
- Original cataloging agency: Co-BoUCM
151 1# - HEADING--GEOGRAPHIC NAME
- Geographic name: India
- General subdivision: vida social y costumbres